Manual técnico para el cultivo del chirimoyo (Annona cherimola Mill.) en el estado de Michoacán / (Record no. 219259)
[ view plain ]
| 000 -CABECERA | |
|---|---|
| campo de control de longitud fija | 00998nam a22002777a 4500 |
| 003 - IDENTIFICADOR DEL NÚMERO DE CONTROL | |
| campo de control | OSt |
| 005 - FECHA Y HORA DE LA ÚLTIMA TRANSACCIÓN | |
| campo de control | 20231013122916.0 |
| 007 - CAMPO FIJO DE DESCRIPCIÓN FÍSICA--INFORMACIÓN GENERAL | |
| campo de control de longitud fija | ta |
| 008 - DATOS DE LONGITUD FIJA--INFORMACIÓN GENERAL | |
| campo de control de longitud fija | 231011s2022 mx a|||| |||| 001 0 spa d |
| 020 ## - NÚMERO INTERNACIONAL ESTÁNDAR DEL LIBRO | |
| Número Internacional Estándar del Libro | 9786071206206 |
| 040 ## - FUENTE DE LA CATALOGACIÓN | |
| Centro/agencia transcriptor | CHAP |
| Normas de descripción | rda |
| 090 ## - LOCALMENTE ASIGNADO TIPO-LC NÚMERO DE CLASIFICACIÓN (OCLC); NÚMERO DE CLASIFICACIÓN LOCAL (RLIN) | |
| Número de clasificación (OCLC) (R) ; Numero de clasificación, CALL (RLIN) (NR) | Folleto 18542 |
| 100 1# - ENTRADA PRINCIPAL--NOMBRE DE PERSONA | |
| 9 (RLIN) | 5718 |
| Nombre de persona | Andrés Agustín, Jorge |
| 245 10 - MENCIÓN DE TÍTULO | |
| Título | Manual técnico para el cultivo del chirimoyo (Annona cherimola Mill.) en el estado de Michoacán / |
| Mención de responsabilidad, etc. | por Jorge Andrés Agustín |
| 264 #1 - PRODUCCIÓN, PUBLICACIÓN, DISTRIBUCIÓN, FABRICACIÓN Y COPYRIGHT | |
| Producción, publicación, distribución, fabricación y copyright | México: |
| Nombre del de productor, editor, distribuidor, fabricante | Universidad Autónoma Chapingo, |
| Fecha de producción, publicación, distribución, fabricación o copyright | 2022 |
| 300 ## - DESCRIPCIÓN FÍSICA | |
| Extensión | 31 páginas: |
| Otras características físicas | cuadros, ilustraciones |
| 336 ## - TIPO DE CONTENIDO | |
| Fuente | rdacontent |
| Término de tipo de contenido | texto |
| Código de tipo de contenido | txt |
| 337 ## - TIPO DE MEDIO | |
| Fuente | rdamedia |
| Nombre/término del tipo de medio | sin medio |
| Código del tipo de medio | n |
| 338 ## - TIPO DE SOPORTE | |
| Fuente | rdacarrier |
| Nombre/término del tipo de soporte | volumen |
| Código del tipo de soporte | nc |
| 504 ## - NOTA DE BIBLIOGRAFÍA, ETC. | |
| Nota de bibliografía, etc. | Incluye bibliografía |
| 650 #4 - PUNTO DE ACCESO ADICIONAL DE MATERIA--TÉRMINO DE MATERIA | |
| 9 (RLIN) | 128573 |
| Término de materia o nombre geográfico como elemento de entrada | Chirimoya |
| Subdivisión general | Cultivo |
| 650 #4 - PUNTO DE ACCESO ADICIONAL DE MATERIA--TÉRMINO DE MATERIA | |
| 9 (RLIN) | 135018 |
| Término de materia o nombre geográfico como elemento de entrada | Chirimoya |
| Subdivisión general | Distribución geográfica |
| 650 #4 - PUNTO DE ACCESO ADICIONAL DE MATERIA--TÉRMINO DE MATERIA | |
| 9 (RLIN) | 22612 |
| Término de materia o nombre geográfico como elemento de entrada | Chirimoya |
| Subdivisión general | Fisiología y morfología |
| 650 #4 - PUNTO DE ACCESO ADICIONAL DE MATERIA--TÉRMINO DE MATERIA | |
| 9 (RLIN) | 22610 |
| Término de materia o nombre geográfico como elemento de entrada | Chirimoya |
| Subdivisión general | Enfermedades |
| 942 ## - ELEMENTOS DE PUNTO DE ACCESO ADICIONAL (KOHA) | |
| Fuente del sistema de clasificación o colocación | Clasificación Universidad Autónoma Chapingo |
| Tipo de ítem Koha | Folleto |
| Estado de retiro | Estado de pérdida | Fuente del sistema de clasificación o colocación | Estado dañado | Restricciones de uso | No para préstamo | Código de colección | Localización permanente | Ubicación/localización actual | Ubicación en estantería | Fecha de adquisición | Total de préstamos | Signatura topográfica completa | Código de barras | Fecha visto por última vez | Precio válido a partir de | Tipo de ítem Koha | Número de copia |
|---|---|---|---|---|---|---|---|---|---|---|---|---|---|---|---|---|---|
| Clasificación Universidad Autónoma de Chapingo | Préstamo interno | Publicaciones UACh | Biblioteca Central | Biblioteca Central | Planta alta - Área de Tesis - UACh | 11/10/2023 | Folleto 18542 | 33724002578496 | 11/10/2023 | 10/10/2023 | Folleto | ||||||
| Clasificación Universidad Autónoma de Chapingo | Préstamo 3 días | Folletos | Biblioteca Central | Biblioteca Central | Planta alta - Área de Tesis - Folletos | 11/10/2023 | Folleto 18542 | 33724002578454 | 11/10/2023 | 10/10/2023 | Folleto | c.2 |
